|
|
|
|
| LEADER |
00000nam0a2200000 4500 |
| 001 |
674666 |
| 005 |
20241108152018.0 |
| 010 |
|
|
|a 978-5-94178-645-9
|
| 090 |
|
|
|a 674666
|
| 100 |
|
|
|a 20240918d2021 m y0rusy50 ca
|
| 101 |
0 |
|
|a rus
|
| 102 |
|
|
|a RU
|
| 105 |
|
|
|a a j 001yy
|
| 181 |
|
0 |
|a i
|b e
|
| 182 |
|
0 |
|a n
|
| 183 |
|
0 |
|a nc
|2 RDAcarrier
|
| 200 |
1 |
|
|a Технологии производства и диагностики композитных конструкций летательных аппаратов
|e учебное пособие для вузов
|f А. Л. Галиновский, С. В. Бочкарев, В. А. Нелюб
|
| 203 |
|
|
|a Текст
|b визуальный
|c непосредственный
|
| 210 |
|
|
|a Старый Оскол
|c ТНТ
|d 2021
|
| 215 |
|
|
|a 384 с.
|c ил.
|
| 283 |
|
|
|a volume
|2 RDAcarrier
|
| 320 |
|
|
|a Библиографический список: с. 380-383
|
| 330 |
|
|
|a Приведены основные сведения для расчёта и разработки технологии производства конструкций из композитных материалов, рассмотрены особенности их создания, основные свойства и характеристики компонентов. Изложены основные технологические схемы производства и диагностики конструкций летательных аппаратов, описаны математические модели намотки и отверждения. Предназначено для студентов технических вузов, обучающихся по направлению "Авиационная и ракетно-космическая техника", также будет полезно аспирантам и преподавателям.
|
| 606 |
1 |
|
|a Летательные аппараты
|x Конструкция и расчет
|2 stltpush
|3 (RuTPU)RU\TPU\subj\40070
|9 59944
|
| 606 |
1 |
|
|a Авиационное материаловедение
|2 stltpush
|3 (RuTPU)RU\TPU\subj\146
|9 29171
|
| 610 |
1 |
|
|a композитные материалы
|
| 610 |
1 |
|
|a компоненты
|
| 610 |
1 |
|
|a армирующие материалы
|
| 610 |
1 |
|
|a связующие
|
| 610 |
1 |
|
|a конструкции
|
| 610 |
1 |
|
|a формирование
|
| 610 |
1 |
|
|a углерод-углеродные композиционные материалы
|
| 610 |
1 |
|
|a обработка
|
| 610 |
1 |
|
|a режимы резания
|
| 610 |
1 |
|
|a фрезерование
|
| 610 |
1 |
|
|a пластмассы
|
| 610 |
1 |
|
|a стеклопластики
|
| 610 |
1 |
|
|a углепластики
|
| 610 |
1 |
|
|a органопластики
|
| 610 |
1 |
|
|a боропластики
|
| 610 |
1 |
|
|a точение
|
| 610 |
1 |
|
|a механическая обработка
|
| 610 |
1 |
|
|a неразрушающий контроль
|
| 610 |
1 |
|
|a методы
|
| 610 |
1 |
|
|a испытания
|
| 610 |
1 |
|
|a прочность
|
| 610 |
1 |
|
|a герметичность
|
| 610 |
1 |
|
|a гидроиспытания
|
| 610 |
1 |
|
|a учебные пособия
|
| 675 |
|
|
|a 629.73.01(075.8)
|v 4
|
| 675 |
|
|
|a 629.73.002.3(075.8)
|v 4
|
| 700 |
|
1 |
|a Галиновский
|b А. Л.
|g Андрей Леонидович
|
| 701 |
|
1 |
|a Бочкарев
|b С. В.
|g Сергей Васильевич
|
| 701 |
|
1 |
|a Нелюб
|b В. А.
|g Владимир Александрович
|
| 801 |
|
0 |
|a RU
|b 63413507
|c 20240920
|
| 850 |
|
|
|a 63413507
|
| 942 |
|
|
|c BK
|